Normal view
MARC view
Entry Personal Name
001 - CONTROL NUMBER
- control field: 18407
003 - CONTROL NUMBER IDENTIFIER
- control field: HDC
005 - DATE AND TIME OF LATEST TRANSACTION
- control field: 20230624073531.0
008 - FIXED-LENGTH DATA ELEMENTS
- fixed length control field: 210305|| aca||aabn | a|a d
040 ## - CATALOGING SOURCE
- Original cataloging agency: HDC
- Transcribing agency: HDC
100 ## - HEADING--PERSONAL NAME
- Personal name: ZUL-KIFLI BIN HUSSIN
670 ## - SOURCE DATA FOUND
- Source citation: Work cat.: (HDC): ZUL-KIFLI BIN HUSSIN, author, ISU HALAL: CABARAN DAN PENYELESAIAN /, 2009
